ՀՀ Գիտությունների ազգային ակադեմիայի հիմնարար գիտական գրադարան  =   Fundamental Scientific Library of NAS RA

Четыре фазиса нравственности : (Record no. 215027)

MARC details
000 -LEADER
fixed length control field 00872nam a2200217 a 4500
001 - CONTROL NUMBER
control field 000555527
003 - CONTROL NUMBER IDENTIFIER
control field AM-YeHGA
005 - DATE AND TIME OF LATEST TRANSACTION
control field 20250617140159.0
008 - FIXED-LENGTH DATA ELEMENTS--GENERAL INFORMATION
fixed length control field 071030s1878 ||| r 000 0 rus d
040 ## - CATALOGING SOURCE
Original cataloging agency AM-YeHGA
041 1# - LANGUAGE CODE
Language code of text/sound track or separate title rus
090 ## - LOCALLY ASSIGNED LC-TYPE CALL NUMBER (OCLC); LOCAL CALL NUMBER (RLIN)
-- 216544
100 1# - MAIN ENTRY--PERSONAL NAME
Personal name Блэкки, Джон Стюарт
245 10 - TITLE STATEMENT
Title Четыре фазиса нравственности :
Remainder of title Сократ, Аристотель, христианство и утилитаризм /
Statement of responsibility, etc. Соч. Джона Стюарта Блэкки, проф. греч. словесности в Эдинбург. ун-те.
260 ## - PUBLICATION, DISTRIBUTION, ETC.
Place of publication, distribution, etc. Москва :
Name of publisher, distributor, etc. Изд. К.Т. Солдатенкова,
Date of publication, distribution, etc. 1878.
300 ## - PHYSICAL DESCRIPTION
Extent 238 с.
600 04 - SUBJECT ADDED ENTRY--PERSONAL NAME
Personal name Сократ
Dates associated with a name 469-399 до н.э
600 04 - SUBJECT ADDED ENTRY--PERSONAL NAME
Personal name Аристотель
Dates associated with a name 384-322 до н. э
653 0# - INDEX TERM--UNCONTROLLED
Uncontrolled term Нравственность
653 0# - INDEX TERM--UNCONTROLLED
Uncontrolled term Этика
Holdings
Withdrawn status Lost status Source of classification or shelving scheme Damaged status Not for loan Collection Home library Current library Date acquired Shelving control number Total checkouts Full call number Barcode Date last seen Price effective from Koha item type Public note
    Universal Decimal Classification     Rare Books Collection Fundamental Scientific Library Fundamental Scientific Library 28/12/2016     P/224 FL0020961 28/12/2016 28/12/2016 Գրքեր / Books ILL Non-Circ.
    Universal Decimal Classification     General Fundamental Scientific Library Fundamental Scientific Library 30/09/2019     PII/17509 FL0602157 30/09/2019 30/09/2019 Գրքեր / Books 30 Days Loan


ՀՀ ԳԱԱ հիմնարար գիտական գրադարան
ՀՀ,Երևան 0019
Մարշալ Բաղրամյան 24/6
հեռախոս:(374-10) 52-47-50
Հետադարձ կապ

All site content, except where otherwise noted, is licensed under a
Creative Commons License